[Event "FIDE-Wch"]
[Site "Elista"]
[Date "1996.06.26"]
[Round "11"]
[White "Karpov, Anatoly"]
[Black "Kamsky, Gata"]
[Result "1/2-1/2"]
[WhiteElo "2770"]
[BlackElo "2735"]
[Annotator "Ftacnik,L"]
[PlyCount "132"]
[EventDate "1996.06.06"]
[EventType "match"]
[EventRounds "18"]
[EventCountry "RUS"]
[SourceTitle "CBM 054"]
[Source "ChessBase"]
[SourceDate "1996.10.01"]
[SourceVersion "1"]
[SourceVersionDate "1996.10.01"]
[SourceQuality "1"]

1. d4 {Hecht} d5 2. c4 c6 3. Nf3 Nf6 4. Nc3 e6 5. e3 Nbd7 6. Qc2 Bd6 7. Be2 O-O
8. O-O Re8 9. Rd1 Qe7 10. a3 b6 11. e4 Nxe4 12. Nxe4 dxe4 13. Qxe4 Bb7 14. Bf4
(14. Bg5 Nf6 (14... Qf8 $6 15. Ne5 $1 $16) (14... f6 $5 15. Bf4 $1 e5 16. Be3
Nf8 17. Qc2) 15. Qh4 h6 (15... Rad8 16. Bd3 c5 (16... h6 17. Bxh6 $1 gxh6 18.
Qxh6 Rd7 19. Ng5 Qd8 20. Bh7+ Nxh7 21. Nxh7 f5 22. Nf6+ Kf7 23. Nxd7 $18) 17.
Bxh7+ {1-0 Gladishev,O-Feher,G/Budapest Spring op (05)/1994/}) (15... c5 $5)
16. Bf4 Bxf4 $6 (16... c5 $1 17. dxc5 Bxf4 18. Qxf4 e5 $1 19. Qe3 Ng4 20. Qc3
Qxc5 21. Qe1 Rad8 22. b4 Qc6 $10) 17. Qxf4 c5 18. Ne5 $14 {1-0 Cifuentes
Parada,R-Kadimova,I/Linares op/1996/ (35)}) (14. Ne5 f5 (14... Nf6 15. Qh4 Nd7
16. Qe4 Nf6 17. Qh4 {1/2-1/2 Savon,V-Bykhovsky,Av/Kurgan/1993/}) (14... Nxe5
15. dxe5 Bc7 $13) 15. Qe3 Rad8 16. b4 c5 17. Bb2 cxb4 18. Nxd7 bxa3 19. Bxa3
Bxa3 20. Qxa3 Qxa3 21. Rxa3 Rxd7 22. Rxa7 Red8 23. Rb1 Be4 24. Rxd7 Rxd7 25.
Rxb6 Rxd4 26. f3 Bd3 27. Bxd3 Rxd3 28. Rxe6 {Dydyshko,V-Tisdall,J/Moscow olm 
(02)/1994/1/2-1/2 (55)}) (14. Bd3 f5 15. Qe2 c5 16. Bc2 Rad8 17. dxc5 Nxc5 18.
Be3 Qf6 19. Bxc5 bxc5 20. Ba4 Rf8 21. Re1 Be4 22. Bc2 Bxf3 23. Qxf3 Qxb2 {
Bezold,M-Bykhovsky,Av/Tel Aviv ASA (02)/1994/1/2-1/2 (64)}) 14... Bxf4 15. Qxf4
c5 (15... e5 $1 16. dxe5 Nxe5 17. Nxe5 Qxe5 18. Qxe5 Rxe5 19. Bf3 Rae8 $10 (
19... Re7 20. c5 $14)) 16. Qc7 Rab8 (16... Nf6 17. Qxe7 Rxe7 18. dxc5 bxc5 19.
Ne5 a5 20. Rd6 $14) 17. b4 $1 (17. Ne5 Nxe5 18. Qxe7 Nf3+ (18... Rxe7 19. dxe5
$14) 19. gxf3 (19. Bxf3 Rxe7 20. Bxb7 Rexb7 $10) 19... Rxe7 20. dxc5 (20. b4 $5
) 20... bxc5 21. b4 Kf8 (21... cxb4 22. axb4 $14) 22. Rd2 (22. bxc5 Rc7 23.
Rab1 Rbc8 $10) 22... Rc7 23. f4 Ke7 24. f3 {1/2-1/2 Dokhoian,Y-Bangiev,A/BL
9293/1993/ (45)}) (17. dxc5 Nxc5 18. Qxe7 Rxe7 19. b4 Ne4 20. Rd3 e5 $5 21.
Rad1 f6 $13) 17... Rec8 18. Qf4 Bxf3 $1 (18... cxb4 19. axb4 Qxb4 20. Rxa7 $14)
19. Bxf3 cxd4 (19... cxb4 20. axb4 Rxc4 21. Rxa7 Rd8 22. b5 $14) 20. Qxd4 Rc7
21. Be2 Rbc8 22. Ra2 h6 23. Rad2 Nf6 24. Qe5 Rd7 $1 25. Rxd7 Nxd7 26. Qd4 Nf6
27. h3 (27. f4 Kf8 28. h3 $14) 27... Kf8 28. Rc1 Nd7 29. Bf3 e5 $6 (29... a5 $1
30. Qc3 (30. bxa5 bxa5 31. Qc3 Qc5) 30... axb4 31. axb4 Qf6 $10) 30. Qd3 g6 31.
Rd1 Rc7 32. Be2 $1 (32. Bd5 Nf6 $10) 32... Kg7 33. Qc3 Nf6 34. Qe3 h5 35. Bf1
Rc6 36. Rc1 Qd6 $6 (36... a5 $1 37. Qe1 axb4 38. axb4 Rc7 $10) 37. g3 Nd7 38.
c5 $1 bxc5 39. Bb5 Rc7 40. Bxd7 Rxd7 41. Rxc5 f6 42. h4 Qe6 43. Kh2 Qa6 44. Qf3
Qf1 $2 (44... Rf7 45. Rc6 Qb5 $14) 45. Rc6 Rf7 46. Qe3 $2 (46. a4 Qa1 47. Ra6
Qd4 48. b5 e4 $5 49. Qe3 Qxe3 50. fxe3 $16) 46... Qb5 $1 47. Qc5 $6 (47. Qf3
$14) 47... Qxc5 48. Rxc5 {Hecht: [#] ab Zug 61 T+f+g vs T+e mit anfälligem sBe5
} g5 $1 49. hxg5 fxg5 50. Kg2 (50. Rxe5 Rxf2+ 51. Kg1 Rf3 52. Rxg5+ Kh6 53. Ra5
Rxg3+ 54. Kh2 Rg7 $10) 50... Kf6 51. b5 Kf5 52. a4 h4 53. a5 Rb7 $2 (53... Rh7
$1 54. Rc4 (54. gxh4 Rxh4 $10) 54... h3+ 55. Kh2 g4 56. b6 axb6 57. axb6 Rb7
58. Rb4 Kg5 59. Rb5 Kf5 60. Kh1 Kf6 $10) 54. f3 Ke6 $6 (54... Rh7) 55. b6 $1
axb6 56. Rb5 h3+ 57. Kxh3 (57. Kh2 $5) 57... Rh7+ 58. Kg4 bxa5 59. Rxa5 Rb7 $1
(59... Kf6 $2 60. Ra6+ Kf7 61. Ra7+ Kg6 62. Rxh7 $18) (59... Rg7 60. Ra6+ Kd5
61. Rf6 e4 62. Rf5+ Kd4 63. fxe4 Kxe4 64. Rxg5 Ra7 65. Rg8 $18) 60. Ra6+ Ke7 $1
(60... Kf7 $4 61. Kxg5 Rb3 62. Rf6+ Kg7 63. g4 $18) 61. Kxg5 Rb3 62. Kg4 (62.
Rf6 e4 $1 $10) 62... Kf7 63. Rh6 Ra3 64. Rh5 Kf6 65. Rf5+ Ke6 66. Kg5 e4 (66...
e4 67. Kg4 Rxf3 68. Rxf3 exf3 69. Kxf3 Kf5 $10) 1/2-1/2

[Event "FIDE-Wch"]
[Site "Elista"]
[Date "1996.06.28"]
[Round "12"]
[White "Kamsky, Gata"]
[Black "Karpov, Anatoly"]
[Result "1/2-1/2"]
[WhiteElo "2735"]
[BlackElo "2770"]
[Annotator "Blatny,P"]
[PlyCount "107"]
[EventDate "1996.06.06"]
[EventType "match"]
[EventRounds "18"]
[EventCountry "RUS"]
[SourceTitle "CBM 054"]
[Source "ChessBase"]
[SourceDate "1996.10.01"]
[SourceVersion "1"]
[SourceVersionDate "1996.10.01"]
[SourceQuality "1"]

1. e4 {Ftacnik} c6 2. d4 d5 3. Nd2 dxe4 4. Nxe4 Nd7 5. Ng5 Ngf6 6. Bd3 e6 7.
N1f3 Bd6 8. Qe2 h6 9. Ne4 Nxe4 10. Qxe4 Nf6 11. Qe2 Qc7 12. Bd2 b6 13. O-O-O
Bb7 14. Rhe1 (14. Kb1 Rd8 (14... Rc8 15. Rhg1 c5 16. dxc5 Qxc5 17. Bc3 O-O 18.
Bd4 Qc7 19. g4 Nd5 20. g5 h5 21. Ne5 Nf4 22. Qe3 Nxd3 23. cxd3 Bxe5 24. Bxe5
Qc2+ 25. Ka1 Bd5 {1/2-1/2 Wolff,P-Orlov,G/USA-ch Modesto (09)/1995/ (30)}) 15.
Rhe1 (15. c4 O-O 16. Bc3 Qe7 (16... Rfe8 17. Ne5 c5 18. dxc5 Bxc5 19. f3 a5 20.
Bc2 Ba6 21. Ba4 Rxd1+ 22. Rxd1 Rd8 23. Rxd8+ Qxd8 24. Bc2 Qd6 {Almasi,Z-Karpov,
An/Groningen (08)/1995/0-1 (74)}) 17. g4 c5 18. Rhg1 Bxf3 19. Qxf3 cxd4 20. Bd2
Nd7 21. Qe4 f5 22. gxf5 Nc5 23. Qe2 exf5 24. Qxe7 Bxe7 25. Bxh6 Rf7 26. Kc2 a5
{Almasi,Z-Adams,M/Groningen (04)/1995/1-0 (57)}) 15... O-O 16. Ne5 (16. g4 Bf4
17. Ne5 Rxd4 18. Bxf4 Rxf4 19. h4 $2 (19. Qe3 Nd5) (19. Qd2 $5) (19. Qd2 $5 {
Ftacnik}) 19... c5 20. Qd2 Rd4 21. c3 Rd5 22. Qe2 $2 (22. g5) (22. g5 {Ftacnik}
) 22... Rxe5 $1 23. Qxe5 Qxe5 24. Rxe5 Nxg4 25. Ree1 Nxf2 26. Rd2 Nxd3 27. Rxd3
Bd5 $19 {0-1 Adams,M-Speelman,J/New York PCA-qual (08)/1995/ (39)}) 16... c5
17. f4 cxd4 18. g4 Nd5 19. g5 hxg5 20. Qh5 f5 21. Ng6 Nf6 22. Qxg5 Nh7 23. Qh5
Rf6 24. Rg1 Be4 25. Rg3 Rc8 26. Rc1 (26. Rdg1 $2 Bxd3 27. Rh3 Qxc2+ 28. Ka1 Nf8
$1 $17) 26... Qc6 {1/2-1/2 Kasparov,G-Epishin,V/Moscow PCA-Intel GP 25'/1995/ 
(36)}) 14... O-O $146 (14... O-O-O 15. Ba6) 15. g4 $5 c5 (15... Nxg4 $2 16. Rg1
f5 $5 (16... Nf6 17. Bxh6 (17. Qe3 Kh8 18. Rxg7 Bf4 19. Qxf4 Qxf4 20. Bxf4 Kxg7
21. Rg1+ Ng4 (21... Kh8 22. Be5 Rg8 23. Bxf6+ Rg7 24. Rxg7 $18) 22. Rxg4+ Kf6
23. Bxh6 $18) 17... Bf4+ 18. Bxf4 Qxf4+) (16... h5 17. h3 Nf6 18. Qe3) 17. h3
Nf6 18. Bxh6 $40) 16. g5 hxg5 17. Nxg5 (17. Bxg5 $2 Bf4+) 17... Bf4 $1 (17...
cxd4 18. Rg1 Bxh2 19. Nh7 Nxh7 20. Bxh7+ Kxh7 21. Qh5+ Kg8 22. Rxg7+ Kxg7 23.
Bh6+ $18) 18. h4 $2 (18. dxc5 bxc5 19. Rg1 Bxh2 20. f4 Bxg1 21. Rxg1 Rfd8 22.
Qh2 $40) 18... Rad8 $1 (18... cxd4) (18... cxd4 {Ftacnik}) 19. dxc5 bxc5 20.
Be3 (20. Rg1 c4 21. Bxc4 Rxd2 22. Rxd2 Bxd2+ 23. Kxd2 Rd8+ (23... Qf4+ 24. Kd1
Rd8+ 25. Bd3) 24. Ke1 Qh2 $15) 20... Rd4 $1 21. Rg1 (21. h5 Qe5 $1 22. Rg1 c4
$1 23. Bxc4 (23. Bh7+ $2 Nxh7 24. Rxd4 Qxd4) 23... Rxd1+ 24. Qxd1 (24. Kxd1
Bxe3 25. Qxe3 Qxb2) 24... Bxe3+ 25. fxe3 Qxe3+ 26. Kb1 Nxh5 $17) 21... Bxe3+
22. fxe3 Rxh4 23. Rdf1 Qe5 $1 (23... Rh2 24. Rf2 Rxf2 25. Qxf2 c4 26. Be2 $13 (
26. Qxf6 cxd3 27. Qxg7+ Kxg7 28. Nxe6+ Kf6 29. Nxc7 Rc8 $17)) 24. Qf2 (24. Nf3
Bxf3 25. Qxf3 Nd5 $1) 24... Rh6 $5 (24... Rh2 $5 25. Qxf6 (25. Qg3 Qxg3 26.
Rxg3 Nd7 $17) 25... Qxe3+ $1 26. Kb1 gxf6 27. Nf3+ Kh8 28. Nxh2 Rg8 29. Ng4 Qg5
$19) 25. Rg3 Be4 (25... Rb8 $5) (25... Rb8 $5 {Ftacnik}) 26. Rfg1 g6 (26...
Bxd3 27. cxd3 g6 28. d4 {פf6}) 27. Rf1 Kg7 (27... Rh1 28. Rxh1 Bxh1 $15) 28.
Qxf6+ Qxf6 29. Rxf6 Bxd3 (29... Kxf6 $2 30. Nxe4+ $16) 30. Rxf7+ $6 (30. Rxe6
Rh1+ (30... fxe6 31. Nxe6+ Kf7 32. Nxf8 Bf5 33. e4 Bxe4 34. Nd7 Rh1+ 35. Kd2
Rh2+ 36. Ke3 Bxc2 37. Nxc5 Bb1) 31. Kd2 Bf5 $15) (30. Nxe6+ Kxf6 31. Nxf8 Bb5)
(30. Rf2 $142 Bc4 (30... Bf5 31. e4 f6 32. Rxf5 exf5 33. Ne6+ Kf7 34. Nxf8 Kxf8
35. exf5 gxf5 36. Rc3) 31. b3 Bd5 (31... f6 32. bxc4 fxg5 33. Rxf8 Kxf8 34.
Rxg5 $14) 32. e4 Bc6 33. Rgf3 {/\Rf7,Ne6}) 30... Rxf7 31. Nxf7 Rh1+ $1 32. Kd2
Bxc2 33. Nd8 (33. Kxc2 Kxf7 $17) 33... Rh2+ (33... Rd1+ 34. Kxc2 Rxd8 35. Kc3
Rd5 36. Kc4 $132) 34. Kc3 Kf6 35. Nb7 Bf5 36. Nxc5 Rc2+ 37. Kd4 Rd2+ 38. Kc3
Rc2+ 39. Kd4 e5+ (39... Rxb2 40. e4 $10) 40. Kd5 Rd2+ (40... Rxb2 41. e4 Bc8 (
41... Rd2+ 42. Kc6 Bc8 43. Rf3+ Kg5 44. Ra3) 42. Rf3+ Kg5 43. Kxe5 $132) 41.
Kc4 Rc2+ (41... Rxb2 42. e4 Bc8 43. Rf3+ Kg5 44. Ra3 a6 45. Rg3+ Kf6 $15) 42.
Kd5 Rd2+ 43. Kc4 g5 44. e4 $1 Bc8 (44... Rd4+ 45. Kc3 Bxe4 46. Rg4 $1 Kf5 (
46... Bd5 47. Rxd4 exd4+ 48. Kxd4 Bxa2 49. Ne4+ Kf5 50. Nxg5 $1 Kxg5 51. b4 Kf6
52. b5 Ke7 53. Kc5 Kd7 54. b6 a5 55. b7 Kc7 56. Kb5 $10) 47. Rxg5+ $1 Kxg5 48.
Ne6+ Kf6 49. Nxd4 exd4+ 50. Kxd4 $10) 45. Kc3 $1 (45. Ra3 $2 g4 $1 46. Rxa7 g3
47. Ra3 g2 48. Rg3 Bh3 $1 $19) 45... Rd1 $6 (45... Rf2 46. Nd3 Rf1 47. Nxe5
Kxe5 48. Rxg5+ Kxe4 49. Rg7 $10) 46. Rf3+ Kg7 47. Nd3 g4 48. Rg3 Kf6 49. Nf2 $1
Rc1+ 50. Kd2 Ra1 51. Nxg4+ Bxg4 52. Rxg4 Rxa2 53. Kc3 Ra4 54. b4 (54. b4 a5 55.
bxa5 Rxa5 $10) 1/2-1/2

[Event "FIDE-Wch"]
[Site "Elista"]
[Date "1996.06.30"]
[Round "13"]
[White "Karpov, Anatoly"]
[Black "Kamsky, Gata"]
[Result "1/2-1/2"]
[WhiteElo "2770"]
[BlackElo "2735"]
[Annotator "Ftacnik,L"]
[PlyCount "179"]
[EventDate "1996.06.06"]
[EventType "match"]
[EventRounds "18"]
[EventCountry "RUS"]
[SourceTitle "CBM 054"]
[Source "ChessBase"]
[SourceDate "1996.10.01"]
[SourceVersion "1"]
[SourceVersionDate "1996.10.01"]
[SourceQuality "1"]

1. d4 Nf6 2. c4 e6 3. Nf3 b6 4. g3 Ba6 5. b3 Bb4+ 6. Bd2 Be7 7. Bg2 c6 8. Bc3
d5 9. Ne5 Nfd7 10. Nxd7 Nxd7 11. Nd2 O-O 12. O-O Rb8 13. Bb2 $5 (13. Re1) 13...
b5 14. c5 e5 15. dxe5 (15. b4 e4 (15... Bf6 16. e4 $1) (15... exd4 16. Nf3 $14)
16. f3 f5 17. a4 $14) 15... Nxc5 16. a3 $1 Bb7 17. b4 (17. Rc1 Ne6 (17... a5
18. f4 Qb6 $2 19. Bd4) 18. e4 c5 (18... d4 $5 19. f4 c5 20. f5 Nc7 21. f6 $40))
17... Na4 (17... Ne6 18. Nb3 $1 c5 19. bxc5 Nxc5 20. Bd4 Nxb3 21. Qxb3 a6 22.
Rad1 $16) 18. Bd4 a5 19. Qb3 Nb6 20. Qc3 Na4 (20... Nc4 21. Nb3 a4 (21... Nxa3
22. Nxa5) 22. Nc5 $16) 21. Qb3 Nb6 22. Rfd1 (22. Rfc1 $5) 22... Nc4 23. Qc3 Ra8
24. Nb3 Qc7 25. Nc5 Bc8 26. h3 (26. e4 $1 dxe4 (26... Bg4 27. f3 Be6 (27... Bh5
$2 28. exd5 cxd5 29. g4 Bg6 30. f4 $14) 28. f4) 27. Bxe4 $16) 26... Rd8 27. g4
$5 axb4 28. axb4 Rxa1 29. Rxa1 Bxc5 30. bxc5 Bb7 (30... Re8 $2 31. f4 f6 32.
exf6 Rxe2 33. Ra8 $16) 31. e3 (31. Ra7 Ra8 32. Qa1 Qb8 $1) (31. e4 Ra8 32.
Rxa8+ Bxa8 33. exd5 cxd5 34. f4 Qa5 $13) 31... Ra8 32. Bf1 Rxa1 33. Qxa1 Qa5
34. Qxa5 Nxa5 35. Bd3 b4 $1 (35... Kf8 36. Kf1 g6 37. Ke2 Ke7 38. Kd2 Nc4+ 39.
Kc3 Kd7 40. Kb4 Kc7 41. f4 Bc8 42. f5 $16) 36. f4 Nc4 37. Bc2 $1 Bc8 (37... Ba6
38. Ba4 Bb5 $2 39. Bxb5 cxb5 40. c6 $18) 38. f5 $1 Nd2 39. Ba4 Bd7 (39... Nf3+
$2 40. Kf2 Nxd4 41. exd4 Bd7 42. Ke3 $18) 40. Kf2 g6 $1 41. Kg3 Kf8 42. Kf4 Ke7
43. e6 (43. Bc2 Bc8 44. Bd3 b3 45. Bc3 Ne4 46. Bxe4 dxe4 47. Kxe4 Ba6 48. Kf4
Bf1 49. h4 Bd3 50. e4 Bc2 51. e6 fxe6 52. f6+ Kf7 $10) 43... fxe6 44. f6+ Kf7
45. Bc2 h6 $1 46. h4 b3 47. Bd3 g5+ $1 (47... Nc4 48. Bxc4 dxc4 49. Ke5 g5 50.
h5 $1 Be8 51. e4 Bd7 52. Kd6 Be8 53. e5 $18) 48. hxg5 hxg5+ 49. Kg3 $2 (49.
Kxg5 Nf3+ 50. Kf4 (50. Kh6 e5 $1 51. Bb2 Bxg4) 50... Nxd4 51. exd4 Kxf6 52. g5+
Kg7 53. Ke5 Be8 54. Kxe6 Bg6 $19) (49. Ke5 $142 $1 Nf3+ 50. Kd6 Nxd4 (50... e5
51. Bb2 Bxg4 52. Kxc6 Kxf6 53. Kxd5) 51. exd4 (51. Kxd7 Nf3) 51... Be8 52. Ke5
Bd7 53. Kd6 $10) 49... b2 50. Bxb2 Nb3 51. Bc2 (51. Bd4 Nxd4 52. exd4 Kxf6 53.
Kf3 e5 $19) 51... Nxc5 52. e4 dxe4 (52... Nxe4+ 53. Bxe4 dxe4 54. Kf2 c5 55.
Ke3 Bc6 56. Bc3 $10) 53. Kf2 Bc8 (53... Nd3+ 54. Bxd3 exd3 55. Ke3 e5 56. Bxe5
Bxg4 57. Kxd3 $10) 54. Ke3 Nd7 55. Bxe4 c5 (55... Nxf6 56. Bxf6 Kxf6 57. Bxc6
$10) 56. Bf3 Ba6 57. Ba3 Bb5 58. Kf2 Bc4 59. Bc6 Ne5 (59... Nxf6 60. Kf3 e5 61.
Bxc5 Be6 $17) 60. Bf3 Bd5 (60... Kxf6 $2 61. Bb2 Bd5 62. Bd1 $10) 61. Be2 Nd7
62. Ke3 Bc6 (62... Kxf6 63. Bb5 Ne5 64. Bb2 $10) 63. Bd3 Kxf6 (63... Nxf6 64.
Bxc5 Nxg4+ 65. Ke2 $17) 64. Ke2 Kf7 (64... e5 $5 65. Bf5 c4 $16) 65. Bc1 Ne5 (
65... Kf6 66. Ba3) 66. Bxg5 Nxg4 67. Kd2 Bd5 68. Kc3 e5 69. Bf5 Nf6 70. Bh4 Ne8
71. Bf2 Nd6 72. Bd3 c4 (72... Nb7 73. Ba6 $10) 73. Bh7 Kg7 74. Bc2 Kf6 75. Kb4
Ke6 76. Bc5 Nb7 77. Bf2 Nd6 78. Bc5 Nf7 79. Be3 Kf6 80. Bd1 e4 81. Be2 Ne5 (
81... Nd6 82. Bf4 Ke6 83. Kc5 $1 (83. Bxd6 $2 Kxd6 84. Bxc4 Bxc4 85. Kxc4 Ke5
86. Kc3 Kf4 87. Kd2 Kf3 $19) 83... Nf5 84. Bxc4 $10) 82. Kc5 Bf7 (82... Ke6 83.
Kd4) 83. Kd4 Kf5 84. Kc3 Bd5 (84... Nd3 85. Bxd3 exd3 86. Bd2 $10) 85. Kd4 Ke6
86. Kc3 Kf5 87. Kd4 Bf7 88. Kc3 Ng4 89. Bxg4+ Kxg4 90. Kd2 1/2-1/2